Responses for Show #1190 - Friday, November 3, 1989

Contestants

[<< previous game]

Fran Pipp, a psychologist from Dexter, Michigan

Bill Nyden, a computer programmer and analyst from Mountain View, California

Joe Roberts, a director of planning & building from Perth Amboy, New Jersey (whose 1-day cash winnings total $10,700)

[next game >>]

Jeopardy! Round responses

WORLD HISTORY
THE UNIVERSE
GARDENING
ACTORS' REAL NAMES
FOOD & DRINK
RHYME TIME
    $100 1
(Red) China

Joe
    $100 5
Halley's Comet

Joe
    $100 19
Bonsai

Joe
    $100 9
Jack Lord

Joe
    $100 14
Rice

Bill
    $100 25
Mutton Glutton

Bill
    $200 2
Louis XIV

Joe
    $200 7
(F: What are galaxies?)

Nebulae

JoeFran
    $200 20
Ladybug/Ladybird Beetles

Bill
    $200 12
Gene Wilder

Fran
    $200 15
Borscht

Joe
    $200 26
Fast Cast

Joe
    $300 3
Mexico

Triple Stumper
    $300 8
Meteorite

Fran
    $300 21
Rose Hips

Joe
    $300 13
Ron Ely

Bill
    $300 16
Lorraine

Bill
    $300 27
Fight Site

Triple Stumper
    $400 4
The Parthenon

Bill
    $400 10
Black Hole

Joe
    $400 22
Orchids

Fran
    $400 23
Hugh O' Brien

Joe
    $400 17
Freeze-drying

Joe
    $400 29
(J: Who is Tennessee Tuxedo?)

Chilly Willy

JoeFran
    $500 6
(J: Who are Peary & Amundsen?)

Amundsen & Scott

Joe
    $500 11
Corona

Joe
    $500 28
(B: What is bluegrass?)

Zoysia

BillFran
    $500 24
Anson Williams

Triple Stumper
    $500 18
Peach Melba

Bill
    $500 30
Tribe Scribe

Fran

Scores at the first commercial break (after clue 13):

Joe Bill Fran
$1,100 $700 $300

Scores at the end of the Jeopardy! Round:

Joe Bill Fran
$2,300 $1,400 $2,100

Double Jeopardy! Round responses

U.S. CITIES
MAGAZINES
RELIGION
ARTISTS
DOGS
POE
(as in Edgar Allan)
    $200 10
Milwaukee

Fran
    $200 8
Us Magazine

Joe
    $200 7
Cows

Joe
    $200 6
Salvador Dali

Bill
    $200 26
Poodle

Joe
    $200 1
"The Grandeur that was Rome"

Fran
    $400 21
(F: What is Davenport?)

Des Moines

JoeFran
    $400 9
Washington, D.C.

Bill
    $400 15
The Bible & The Book of Mormon

Bill
    $400 11
Andy Warhol

Joe
    $400 27
Dalmatian

Bill
    $400 2
"The Gold Bug"

Bill
    $600 22
Phoenix

Joe
    $600 19
(B: What is Vanity Fair?)

Connoisseur

JoeBill
    $600 16
The Sexes

Bill
    $600 12
Frederic Remington

Fran
    $600 28
Chihuahua

Bill
    $600 3
"The Raven"

Joe
    $800 23
Gary, Indiana

Bill
    $1,000 20
Audubon

Joe
    $800 17
Wives

Joe
    $800 13
Charles Addams

Bill
    $800 29
Dachshund

Bill
    $800 4
The House of Usher

Bill
    $1000 24
Rochester, New York

Joe
    $1000 25
The Saturday Evening Post

Bill
    $1000 18
(J: What is the Soviet Union?)
(B: What is Mexico?)
(F: What is China?)
(Alex: No harm, no foul on that one; you each lost the same amount)

United States

JoeBillFran
Triple Stumper
    $1000 14
Hans Holbein the Younger

Triple Stumper
    $2,000 30
Terriers

Bill
    $1000 5
"The Bells"

Fran

Scores at the end of the Double Jeopardy! Round:

Joe Bill Fran
$7,300 $9,000 $2,700

[wagering suggestions for these scores]

Final Jeopardy! Round responses

PRESIDENTS
FranWho was L B Johnson
$500
JoeWho is Franklin Roosevelt?
$1,701
BillWho was F. D. Roosevelt?
$3,401
Franklin D. Roosevelt

Final scores:

Joe Bill Fran
$9,001 $12,401 $2,200
2nd place: a trip to Miami & a Caribbean cruise New champion: $12,401 3rd place: a Ricoh Mirai zoom camera

Game dynamics:

Coryat scores:

Joe Bill Fran
$7,600 $8,000 $2,700
24 R
(including 1 DD),
3 W
(including 1 DD)
20 R
(including 1 DD),
3 W
10 R,
3 W

Combined Coryat: $18,300

[game clues] [game scores] [suggest correction]

Game tape date: 1989-08-21
The J! Archive is created by fans, for fans. Scraping, republication, monetization, and malicious use prohibited; this site may use cookies and collect identifying information. See terms. The Jeopardy! game show and all elements thereof, including but not limited to copyright and trademark thereto, are the property of Jeopardy Productions, Inc. and are protected under law. This website is not affiliated with, sponsored by, or operated by Jeopardy Productions, Inc. Join the discussion at JBoard.tv.